La inquisición de Lima

সংরক্ষণ করুন:
গ্রন্থ-পঞ্জীর বিবরন
প্রধান লেখক: Millar Carvacho, René Domingo (autor)
বিন্যাস: গ্রন্থ
ভাষা:স্প্যানিশ
প্রকাশিত: Madrid Deimos 1998
বিষয়গুলি:
ট্যাগগুলো: ট্যাগ যুক্ত করুন
কোনো ট্যাগ নেই, প্রথমজন হিসাবে ট্যাগ করুন!

MARC

LEADER 00000nam a2200000 a 4500
001 UCO7687
003 CL-VaPUC
008 001117e19980000SP |||||||||||||||||spa|d
082 0 4 |a 272.2  |b MIL  |2 21 
100 |a Millar Carvacho, René Domingo  |e autor  |9 865746 
245 1 3 |a La inquisición de Lima 
300 |a v 
942 |c BK 
945 |d 20001117 00:00:00  |a rbrito 
260 |a Madrid  |b Deimos  |c 1998 
650 0 |a Inquisición (Iglesia Católica)  |9 258578 
650 0 |a Derecho eclesiástico  |9 255055 
650 7 |a SIGLOS 17-19  |2 CL-VaPUC  |9 393695 
650 0 |a Historia  |9 255047 
651 0 |a Perú  |9 256567 
583 |a last modification  |c 20001117 00:00:00  |k Rodrigo Vera 
999 |c 292571  |d 292569 
952 |0 0  |1 0  |4 0  |6 272_200000000000000_MIL_1998  |7 0  |8 A  |9 343510  |a BIBHIS  |b BIBHIS  |d 2019-11-20  |h v.3  |i 3660109  |l 1  |o 272.2 MIL 1998  |p 3660109  |r 2025-01-20  |s 2020-05-14  |w 2019-11-20  |y BK  |k HIS